MAASAI MARA UNIVERSITY

LIBRARY CATALOGUE

Contact Us: +254 020 2685356/7 or 0774 057787

Box: 861-20500, NAROK, KENYA

Email: info@mmarau.ac.ke

Saleemi N.A. (Record no. 161)

MARC details
000 -LEADER
fixed length control field 00396nam a2200133Ia 4500
008 - FIXED-LENGTH DATA ELEMENTS--GENERAL INFORMATION
fixed length control field 151015s9999 xx 000 0 und d
020 ## - INTERNATIONAL STANDARD BOOK NUMBER
International Standard Book Number 9966286462
050 ## - LIBRARY OF CONGRESS CALL NUMBER
Classification number HF5718.N84 2005
245 ## - TITLE STATEMENT
Title Saleemi N.A.
250 ## - EDITION STATEMENT
Edition statement _Business Communication and Report Writing Simplified Saleemi N.A
300 ## - PHYSICAL DESCRIPTION
Extent Nairobi Saleemi Publishers 2005
650 ## - SUBJECT ADDED ENTRY--TOPICAL TERM
Topical term or geographic name as entry element _Business
700 ## - ADDED ENTRY--PERSONAL NAME
Personal name ^d20101207 01:02:48^okorir

No items available.

© 2016 Maasai Mara University.